000
00272nam a2200109Ia 4500
008
220204s9999 xx 000 0 und d
082
_a
635
_b
CHO
100
_a
CHOISY, Kevin de
245
0
_a
Allotment gardening
260
_a
Wellingborough
_b
Throsons Pub
_c
1979
942
_c
BK
999
_c
35924
_d
35924